| 000 | 01313nab a2200265 i 4500 | ||
|---|---|---|---|
| 001 | 768714001 | ||
| 003 | CO-MdFUSB | ||
| 005 | 20240426092827.0 | ||
| 008 | 240425t1980 us ||||| |||| 00| 0 eng d | ||
| 040 |
_bspa _cCO-MdFUSB _dCO-MdFUSB |
||
| 041 | _aspa | ||
| 100 |
_aBurnham, Monty, _eautor |
||
| 245 |
_aLeadership forum. Conflict : _bfacing it in yourself and in your church _c/ Monty Burnham [... y otros cuatro autores] |
||
| 300 |
_aVolumen 1, número 2 (spring, 1980), páginas: 25 - 36 _c; 27 cm |
||
| 520 | _aDiferentes pastores dan su opinión en el Foro de Liderazgo. Conflicto: afrontarlo en ti mismo y en tu iglesia, La gente suele ver el conflicto en la iglesia como una situación de ganar o perder. No es tan simple. Es necesario entender de frente las fuentes de conflicto. A través del amor, el pecado puede ser confrontado y tratado de manera redentora. | ||
| 546 | _aTexto en inglés | ||
| 650 | 7 |
_aGestión de conflictos _92119 |
|
| 650 | 7 |
_aTeología pastoral _9227 |
|
| 700 |
_aEgmont, Westy, _eautor |
||
| 700 |
_aHagstrom, Richard, _eautor |
||
| 700 |
_aMacDonald, Gordon, _eautor |
||
| 700 |
_aToms, Paul, _eautor |
||
| 773 | 0 |
_068780 _982544 _oR2478 _tLeadership : _w(CO-MdFUSB)768714001 _gVolumen 1, número 2 (spring, 1980), páginas: 25 - 36 _qpágina: 36 |
|
| 942 | _cANA | ||
| 999 |
_c69364 _d69364 |
||